A brief guide to laws relevant to outdoor access in Scotland (Record no. 108558)

MARC details
000 -LEADER
fixed length control field 01031cad a22002295a 4500
001 - CONTROL NUMBER
control field E144613
008 - FIXED-LENGTH DATA ELEMENTS--GENERAL INFORMATION
fixed length control field 080731s2007 xxk f 000 0 eng d
020 ## - INTERNATIONAL STANDARD BOOK NUMBER
International Standard Book Number 9781853975240
035 ## - SYSTEM CONTROL NUMBER
System control number (Sirsi) u144613
041 0# - LANGUAGE CODE
Language code of text/sound track or separate title eng
050 04 - LIBRARY OF CONGRESS CALL NUMBER
Classification number 711.558 $2 18
110 2# - MAIN ENTRY--CORPORATE NAME
Corporate name or jurisdiction name as entry element Scottish Natural Heritage
9 (RLIN) 2794
245 02 - TITLE STATEMENT
Title A brief guide to laws relevant to outdoor access in Scotland
Medium [electronic resource]
260 ## - PUBLICATION, DISTRIBUTION, ETC.
Place of publication, distribution, etc. Redgorton, Perth
Name of publisher, distributor, etc. Scottish Natural Heritage
Date of publication, distribution, etc. 2007
520 ## - SUMMARY, ETC.
Summary, etc. Summarises the provisions of the Land Reform (Scotland) Act 2003, and subsequent Orders. Also sets out the various relevant statutory powers which are available for local authorities to use, and examines other laws which relate to public access.
521 ## - TARGET AUDIENCE NOTE
Target audience note Introductory
590 ## - LOCAL NOTE (RLIN)
Local note KA
651 #4 - SUBJECT ADDED ENTRY--GEOGRAPHIC NAME
Geographic name Scotland
Chronological subdivision 1999-
690 ## - LOCAL SUBJECT ADDED ENTRY--TOPICAL TERM (OCLC, RLIN)
Topical term or geographic name as entry element PROPERTY-RURAL AND NATURAL ASSETS-RURAL AND NATURAL ASSET MANAGEMENT-LAND MANAGEMENT
856 40 - ELECTRONIC LOCATION AND ACCESS
Uniform Resource Identifier <a href="https://www.snh.org.uk/pubs/detail.asp?id=892">https://www.snh.org.uk/pubs/detail.asp?id=892</a>
Public note View the guide free of charge at www.snh.org.uk...
942 ## - ADDED ENTRY ELEMENTS (KOHA)
Suppress in OPAC 0
Holdings
Withdrawn status Lost status Source of classification or shelving scheme Damaged status Not for loan Home library Current library Shelving location Date acquired Total Checkouts Full call number Barcode Date last seen Copy number Price effective from Koha item type
    Dewey Decimal Classification     Virtual Virtual Online 31/07/2008   ONLINE PUBLICATION 144613-2001 06/08/2019 1 06/08/2019 Book